[Event "Pere Noel-A"]
[Site "Gatineau CAN"]
[Date "2016.12.06"]
[Round "1"]
[White "Laferriere, Bruno"]
[Black "Raymond, Daniel"]
[Result "1-0"]
[WhiteElo "2016"]
[BlackElo "1792"]
[PlyCount "101"]
[EventDate "2016.12.06"]
[EventType "swiss"]
[EventRounds "5"]
[EventCountry "CAN"]

1. e4 c5 2. Nf3 d6 3. Nc3 Nc6 4. d4 cxd4 5. Nxd4 Nf6 6. Bc4 e6 7. Bb3 Be7 8.
O-O O-O 9. a3 e5 10. Nxc6 bxc6 11. f4 Qb6+ 12. Kh1 Ng4 13. Qe1 exf4 14. Bxf4
Be6 15. Bxe6 fxe6 16. Qg3 Nf6 17. Bxd6 Bxd6 18. Qxd6 Qxb2 19. Qxe6+ Kh8 20. Qb3
Rab8 21. Qxb2 Rxb2 22. e5 Nd7 23. e6 Nf6 24. Ne4 Rb7 25. Nd6 Re7 26. Rae1 Kg8
27. Nf5 Rc7 28. e7 Re8 29. Re6 Nd5 30. c4 Nxe7 31. Rfe1 Kf8 32. c5 g6 33. Nd6
Rb8 34. g4 Nd5 35. Re8+ Rxe8 36. Rxe8+ Kg7 37. Ra8 Rd7 38. Nc8 Nf4 39. Rxa7
Rxa7 40. Nxa7 Nd3 41. Nxc6 Nxc5 42. Kg2 Kf6 43. Kf3 g5 44. Ke3 Ke6 45. Kd4 Kd6
46. Nd8 Nd7 47. Nf7+ Kc6 48. Ne5+ Kd6 49. Nxd7 Kxd7 50. Ke5 Ke7 51. Kf5 1-0

[Event "Pere Noel-A"]
[Site "Gatineau CAN"]
[Date "2016.12.06"]
[Round "1"]
[White "Scantland, Patrick"]
[Black "Solunac, Sasha"]
[Result "1/2-1/2"]
[WhiteElo "1721"]
[BlackElo "1901"]
[PlyCount "89"]
[EventDate "2016.12.06"]
[EventType "swiss"]
[EventRounds "5"]
[EventCountry "CAN"]

1. d4 Nf6 2. c4 e6 3. Nc3 d5 4. Bg5 c6 5. cxd5 exd5 6. Qc2 Be7 7. e3 Nbd7 8.
Bd3 O-O 9. Nge2 Re8 10. O-O h6 11. Bh4 Ne4 12. Bxe7 Qxe7 13. Bxe4 dxe4 14. d5
c5 15. Rfd1 Nf6 16. Ng3 b6 17. d6 Qe5 18. Rd2 Bd7 19. Rad1 Bc6 20. a3 Rad8 21.
b4 Rd7 22. bxc5 bxc5 23. Na4 Bxa4 24. Qxa4 Red8 25. Qc6 h5 26. h3 h4 27. Ne2 c4
28. Rd4 Qa5 29. a4 Qb6 30. Qxb6 axb6 31. Nc3 Rc8 32. Kf1 Kf8 33. Rc1 Rc5 34.
Nb5 Ne8 35. Rc3 f5 36. Ke2 Kf7 37. f3 exf3+ 38. Kxf3 g5 39. g4 hxg3 40. Kxg3
Ke6 41. h4 gxh4+ 42. Rxh4 Nxd6 43. Nxd6 Rxd6 44. Rhxc4 Rxc4 45. Rxc4 1/2-1/2

[Event "Pere Noel-A"]
[Site "Gatineau CAN"]
[Date "2016.12.06"]
[Round "1"]
[White "Thibault, Mario"]
[Black "Gagnon, Fabien"]
[Result "1-0"]
[WhiteElo "1765"]
[BlackElo "1955"]
[PlyCount "59"]
[EventDate "2016.12.06"]
[EventType "swiss"]
[EventRounds "5"]
[EventCountry "CAN"]

1. e4 c5 2. Nc3 Nc6 3. f4 g6 4. Nf3 Bg7 5. Bb5 Nd4 6. d3 Nxb5 7. Nxb5 Qa5+ 8.
Nc3 Bxc3+ 9. bxc3 Qxc3+ 10. Bd2 Qg7 11. O-O d6 12. Qe1 e5 13. fxe5 dxe5 14.
Nxe5 f6 15. Nc4 Qe7 16. Qg3 Kf8 17. Bf4 Kg7 18. Bd6 Qe6 19. Bxc5 Bd7 20. Bd4 h5
21. Ne3 Bc6 22. e5 Rf8 23. exf6+ Nxf6 24. Nf5+ Kh7 25. Rae1 Ne4 26. dxe4 Rhg8
27. Ne3 Qxe4 28. c3 h4 29. Qc7+ Kh6 30. Rxf8 1-0

[Event "Pere Noel-A"]
[Site "Gatineau CAN"]
[Date "2016.12.13"]
[Round "2"]
[White "Akrib, Fouad"]
[Black "Jobin, Gilles G"]
[Result "1-0"]
[WhiteElo "1980"]
[BlackElo "1832"]
[PlyCount "63"]
[EventDate "2016.12.06"]
[EventType "swiss"]
[EventRounds "5"]
[EventCountry "CAN"]

1. e4 d6 2. d4 Nf6 3. Nc3 e5 4. Nf3 Nbd7 5. g4 Nxg4 6. Rg1 exd4 7. Nxd4 Nde5 8.
h3 Nf6 9. Be3 a6 10. f4 Ng6 11. Qf3 c5 12. Nde2 Nh4 13. Qf2 Ng6 14. O-O-O Qa5
15. Bd2 Qc7 16. Qe3 Rg8 17. f5 Ne5 18. Nf4 b5 19. Ncd5 Nxd5 20. Nxd5 Qd8 21. f6
Be6 22. Bc3 Ng6 23. h4 b4 24. fxg7 Be7 25. Be1 Bf6 26. h5 Ne5 27. Qh6 Bxd5 28.
Rxd5 Nf3 29. Qxh7 Bxb2+ 30. Kxb2 Qf6+ 31. e5 dxe5 32. Qxg8+ 1-0

[Event "Pere Noel-A"]
[Site "Gatineau CAN"]
[Date "2016.12.13"]
[Round "2"]
[White "Bastien, Andre"]
[Black "Scantland, Patrick"]
[Result "0-1"]
[WhiteElo "1828"]
[BlackElo "1721"]
[PlyCount "146"]
[EventDate "2016.12.06"]
[EventType "swiss"]
[EventRounds "5"]
[EventCountry "CAN"]

1. d4 Nf6 2. c4 g6 3. Nc3 d5 4. Nf3 Bg7 5. g3 O-O 6. Bg2 dxc4 7. O-O c6 8. Ne5
Be6 9. e4 Qc8 10. Qe2 Nbd7 11. Nxc4 Nb6 12. Ne3 Ng4 13. d5 Nxe3 14. Bxe3 cxd5
15. exd5 Bg4 16. Qb5 Nc4 17. Rac1 a6 18. Qc5 Nxb2 19. Qxe7 Re8 20. Qh4 Qd7 21.
Ne4 Nd3 22. Nf6+ Bxf6 23. Qxf6 Rxe3 24. fxe3 Nxc1 25. Rxc1 Re8 26. Qf4 Qe7 27.
e4 Rc8 28. h3 Bd7 29. Rc7 g5 30. Rxc8+ Bxc8 31. Qb8 Qc5+ 32. Kh2 Kg7 33. Qe5+
f6 34. Qe8 Qc7 35. d6 Qd7 36. Qxd7+ Bxd7 37. e5 fxe5 38. Bxb7 a5 39. g4 Kf6 40.
Bd5 h6 41. a3 e4 42. Bxe4 Ke5 43. Bc2 Kxd6 44. Kg3 Kd5 45. h4 Kd4 46. hxg5 hxg5
47. Bg6 Bc6 48. Kf2 Be4 49. Bf7 Kc3 50. Be8 Kb3 51. Ke3 Bh7 52. a4 Kb4 53. Kd2
Bg8 54. Ke3 Be6 55. Kf3 Bb3 56. Ke4 Bc2+ 57. Ke5 Bxa4 58. Bxa4 Kxa4 59. Kf5 Kb4
60. Kxg5 a4 61. Kf6 a3 62. g5 a2 63. g6 a1=Q+ 64. Kf7 Qf1+ 65. Ke7 Qe2+ 66. Kf8
Qf3+ 67. Kg8 Kc5 68. Kh7 Qh5+ 69. Kg7 Kd6 70. Kf7 Qf5+ 71. Kg7 Ke7 72. Kh8 Qf6+
73. Kh7 Kf8 0-1

[Event "Pere Noel-A"]
[Site "Gatineau CAN"]
[Date "2016.12.13"]
[Round "2"]
[White "Raymond, Daniel"]
[Black "Danilov, Alex"]
[Result "1-0"]
[WhiteElo "1792"]
[BlackElo "1750"]
[PlyCount "57"]
[EventDate "2016.12.06"]
[EventType "swiss"]
[EventRounds "5"]
[EventCountry "CAN"]

1. e4 c5 2. Nf3 Nc6 3. d4 cxd4 4. Nxd4 g6 5. Be2 Bg7 6. Nb3 Nf6 7. Nc3 a6 8.
O-O b5 9. a3 Bb7 10. Nc5 Bc8 11. Kh1 d6 12. Nb3 O-O 13. Bg5 Nd7 14. f4 Nb6 15.
Qe1 b4 16. Nd1 bxa3 17. Rxa3 f6 18. Bh4 Bb7 19. Bf2 Nd7 20. Bc4+ Kh8 21. Qe2 a5
22. Nc3 Nb4 23. Be6 Ba6 24. Nb5 Nxc2 25. Rxa5 Nb4 26. Rfa1 Nb6 27. Qd2 Bxb5 28.
Qxb4 Rxa5 29. Rxa5 1-0

[Event "Pere Noel-A"]
[Site "Gatineau CAN"]
[Date "2016.12.13"]
[Round "2"]
[White "Thibault, Mario"]
[Black "Desjardins, Michel"]
[Result "1/2-1/2"]
[WhiteElo "1765"]
[BlackElo "1938"]
[PlyCount "84"]
[EventDate "2016.12.06"]
[EventType "swiss"]
[EventRounds "5"]
[EventCountry "CAN"]

1. e4 d5 2. exd5 Qxd5 3. Nc3 Qd6 4. d4 Nf6 5. Nf3 c6 6. g3 Bf5 7. Bg2 h6 8. a3
e6 9. O-O Be7 10. Re1 O-O 11. Bf4 Qd8 12. Qd2 Nbd7 13. Rad1 Qb6 14. Qc1 Rac8
15. Na4 Qa5 16. Nc5 Nxc5 17. dxc5 Qxc5 18. Nd4 Bh7 19. b4 Qb6 20. Nb3 Nd5 21.
Be5 Bg5 22. Qb2 Bf6 23. c4 Bxe5 24. Rxe5 Nf6 25. c5 Qc7 26. Re2 Rcd8 27. Rxd8
Rxd8 28. Rd2 Be4 29. Rd4 Bxg2 30. Kxg2 Rd5 31. f4 Qd7 32. Qc3 Kf8 33. Kf3 Ke7
34. h3 h5 35. Ke3 Rxd4 36. Qxd4 Qxd4+ 37. Kxd4 Kd7 38. Na5 b6 39. cxb6 axb6 40.
Nc4 c5+ 41. bxc5 bxc5+ 42. Kxc5 Ne4+ 1/2-1/2

[Event "Pere Noel-A"]
[Site "Gatineau CAN"]
[Date "2017.01.10"]
[Round "3"]
[White "Danilov, Alex"]
[Black "Bastien, Andre"]
[Result "0-1"]
[WhiteElo "1750"]
[BlackElo "1828"]
[PlyCount "72"]
[EventDate "2016.12.06"]
[EventType "swiss"]
[EventRounds "5"]
[EventCountry "CAN"]

1. Nf3 c5 2. c4 g6 3. Nc3 Nc6 4. e3 Bg7 5. a3 d6 6. Qc2 e5 7. d4 exd4 8. exd4
Nxd4 9. Nxd4 Bxd4 10. Qe4+ Qe7 11. Qxe7+ Kxe7 12. Nd5+ Kd8 13. Bd3 Be6 14. O-O
Kd7 15. Bc2 Bxd5 16. cxd5 Nf6 17. Ba4+ Kc7 18. Rb1 Rhd8 19. Bg5 a6 20. Rfe1 b5
21. Bd1 Re8 22. Bf3 Bxb2 23. Red1 Be5 24. Bd2 h5 25. g3 Kb6 26. Be1 Bd4 27. a4
Re5 28. Bd2 g5 29. a5+ Kc7 30. Rbc1 Kd7 31. Bc3 Bxc3 32. Rxc3 Rae8 33. Rc2 g4
34. Bg2 Re1+ 35. Rxe1 Rxe1+ 36. Bf1 Nxd5 0-1

[Event "Pere Noel-A"]
[Site "Gatineau CAN"]
[Date "2017.01.10"]
[Round "3"]
[White "Desjardins, Michel"]
[Black "Solunac, Sasha"]
[Result "1/2-1/2"]
[WhiteElo "1938"]
[BlackElo "1901"]
[PlyCount "49"]
[EventDate "2016.12.06"]
[EventType "swiss"]
[EventRounds "5"]
[EventCountry "CAN"]

1. e4 e5 2. Nc3 Nf6 3. Bc4 Nc6 4. d3 Bc5 5. f4 d6 6. Nf3 Qe7 7. f5 Na5 8. Bb3
Nxb3 9. axb3 c6 10. Na4 Bb4+ 11. Bd2 Bxd2+ 12. Qxd2 d5 13. Qe2 dxe4 14. dxe4
O-O 15. O-O b5 16. Nc3 Bb7 17. Qe3 a6 18. h3 Rfd8 19. Rfd1 c5 20. Nd5 Bxd5 21.
exd5 e4 22. c4 Qd6 23. Nh4 Re8 24. g4 Nd7 25. Re1 1/2-1/2

[Event "Pere Noel-A"]
[Site "Gatineau CAN"]
[Date "2017.01.10"]
[Round "3"]
[White "Gagnon, Fabien"]
[Black "Jobin, Gilles G"]
[Result "0-1"]
[WhiteElo "1955"]
[BlackElo "1832"]
[PlyCount "100"]
[EventDate "2016.12.06"]
[EventType "swiss"]
[EventRounds "5"]
[EventCountry "CAN"]

1. Nf3 d6 2. c4 e5 3. Nc3 Nf6 4. g3 Be7 5. Bg2 O-O 6. O-O c6 7. d3 Nbd7 8. e4
Nc5 9. h3 Ne6 10. Be3 Qc7 11. Rc1 Qa5 12. Qd2 b6 13. b4 Qxb4 14. Ne1 Qa5 15. f4
Nd4 16. Qf2 Rb8 17. Kh2 c5 18. g4 Bxg4 19. Qg3 exf4 20. Bxf4 Be2 21. Rf2 Nh5
22. Qe3 Nxf4 23. Qxf4 Bh5 24. Nd5 Rbe8 25. Nxe7+ Rxe7 26. Qxd6 Re6 27. Qd7 Qa3
28. Rb1 Be2 29. Nc2 Nxc2 30. Rxe2 Nd4 31. Rd2 Rf6 32. Qg4 Nc6 33. Qe2 Qc3 34.
Kh1 Qe5 35. Rf1 Rxf1+ 36. Qxf1 Nd4 37. Qd1 Re8 38. Qf1 Re7 39. Qf2 h6 40. Qg1
Rd7 41. Qf2 Ne6 42. Bf1 Rd4 43. Qf5 Qxf5 44. exf5 Ng5 45. Rf2 f6 46. Kh2 Nf7
47. Kg3 Ne5 48. Rf4 Rd6 49. Rf2 Rd4 50. Rf4 Rd7 0-1

[Event "Pere Noel-A"]
[Site "Gatineau CAN"]
[Date "2017.01.10"]
[Round "3"]
[White "Guimond, Michel"]
[Black "Thibault, Mario"]
[Result "1/2-1/2"]
[WhiteElo "1880"]
[BlackElo "1765"]
[PlyCount "61"]
[EventDate "2016.12.06"]
[EventType "swiss"]
[EventRounds "5"]
[EventCountry "CAN"]

1. e4 c5 2. b3 d6 3. Nc3 Nc6 4. Bb5 Bd7 5. Bb2 e6 6. f4 Nd4 7. Bxd7+ Qxd7 8.
Nf3 Ne7 9. Nxd4 cxd4 10. Ne2 e5 11. O-O Nc6 12. c3 dxc3 13. Nxc3 Be7 14. Nd5
O-O 15. f5 f6 16. Rf3 Bd8 17. Rc1 Ne7 18. Rd3 Rc8 19. Rxc8 Nxc8 20. b4 Nb6 21.
Qb3 Kh8 22. b5 Nxd5 23. Qxd5 Bb6+ 24. Kf1 Rd8 25. a4 g6 26. fxg6 hxg6 27. Ba3
Bd4 28. Rg3 Kg7 29. h3 Qc7 30. Qe6 Qd7 31. Qb3 1/2-1/2

[Event "Pere Noel-A"]
[Site "Gatineau CAN"]
[Date "2017.01.10"]
[Round "3"]
[White "Laurin, Marcel"]
[Black "Raymond, Daniel"]
[Result "0-1"]
[WhiteElo "1620"]
[BlackElo "1792"]
[PlyCount "98"]
[EventDate "2016.12.06"]
[EventType "swiss"]
[EventRounds "5"]
[EventCountry "CAN"]

1. d4 d5 2. Nf3 Nf6 3. c4 e6 4. Nc3 c5 5. dxc5 Bxc5 6. e3 Nc6 7. a3 dxc4 8.
Qxd8+ Nxd8 9. Bxc4 Nc6 10. b4 Bd6 11. Nb5 Bb8 12. Bb2 e5 13. O-O a6 14. Nc3 O-O
15. e4 Bg4 16. Be2 Nd4 17. Bd1 Rd8 18. Ne1 Bxd1 19. Rxd1 Ne2+ 20. Kh1 Rxd1 21.
Nxd1 Nxe4 22. Nf3 Ba7 23. Bxe5 Rd8 24. g3 Rxd1 25. Kg2 Rxf1 26. Kxf1 Nc1 27.
Bd4 Bxd4 28. Nxd4 Nd3 29. f3 Nd6 30. Ke2 Ne5 31. Nc2 Kf8 32. Ke3 Ke7 33. f4
Nec4+ 34. Kd3 Ke6 35. g4 f5 36. g5 b6 37. h4 g6 38. a4 a5 39. Kc3 Kd5 40. bxa5
bxa5 41. Na1 Ke4 42. Nb3 Kxf4 43. Kd4 Kg3 44. Kd5 f4 45. Nxa5 Nxa5 46. Kxd6 f3
47. Ke7 f2 48. Kf7 Kxh4 49. Kg7 Kxg5 0-1

[Event "Pere Noel-A"]
[Site "Gatineau CAN"]
[Date "2017.01.10"]
[Round "3"]
[White "Scantland, Patrick"]
[Black "Akrib, Fouad"]
[Result "1/2-1/2"]
[WhiteElo "1721"]
[BlackElo "1980"]
[PlyCount "122"]
[EventDate "2016.12.06"]
[EventType "swiss"]
[EventRounds "5"]
[EventCountry "CAN"]

1. d4 d5 2. Nf3 Bg4 3. e3 Nd7 4. c4 Ngf6 5. Nc3 e6 6. Be2 c6 7. a3 a5 8. Bd2
Bd6 9. h3 Bh5 10. c5 Bc7 11. Qc2 Bxf3 12. Bxf3 e5 13. O-O e4 14. Be2 O-O 15. f3
Nh5 16. Be1 Qg5 17. f4 Qg6 18. Bf2 Ng3 19. Bxg3 Qxg3 20. Qd2 g5 21. Bd1 gxf4
22. exf4 e3 23. Qe2 Bxf4 24. Qg4+ Qxg4 25. Bxg4 f5 26. Rxf4 fxg4 27. Rxg4+ Kh8
28. Rg3 Rae8 29. Re1 Nxc5 30. Rgxe3 Rxe3 31. Rxe3 Nb3 32. Ne2 Nd2 33. Ng3 Kg7
34. Re7+ Rf7 35. Nf5+ Kf6 36. Rxf7+ Kxf7 37. Nd6+ Ke6 38. Nxb7 Nc4 39. g4 Nxb2
40. Nxa5 Kd6 41. Nb3 Na4 42. Kf2 Nc3 43. Kf3 Ke6 44. h4 h6 45. Nc5+ Kf6 46. a4
Ke7 47. a5 Nb5 48. Ke3 Kd6 49. Nb3 Ke7 50. Kf4 Kf6 51. a6 Ke6 52. g5 hxg5+ 53.
Kxg5 Kf7 54. h5 Kg7 55. Na5 Nxd4 56. a7 Ne6+ 57. Kf5 Nc7 58. Nxc6 Kh6 59. Ne7
d4 60. Ke4 Kxh5 61. Kxd4 Nb5+ 1/2-1/2

[Event "Pere Noel-A"]
[Site "Gatineau CAN"]
[Date "2017.01.17"]
[Round "4"]
[White "Akrib, Fouad"]
[Black "Thibault, Mario"]
[Result "0-1"]
[WhiteElo "1980"]
[BlackElo "1765"]
[PlyCount "114"]
[EventDate "2016.12.06"]
[EventType "swiss"]
[EventRounds "5"]
[EventCountry "CAN"]

1. e4 c5 2. Nf3 g6 3. d4 cxd4 4. Qxd4 Nf6 5. e5 Nc6 6. Qa4 Nd5 7. Bd3 Bg7 8.
Qe4 Nc7 9. Nc3 O-O 10. Be3 d5 11. exd6 exd6 12. O-O d5 13. Qa4 Ne6 14. Be2 d4
15. Rad1 Qb6 16. Nxd4 Bxd4 17. Nd5 Qc5 18. Nf6+ Kg7 19. b4 Qf5 20. b5 Bxf6 21.
bxc6 Nc5 22. Qb5 b6 23. Bxc5 Qxc5 24. c4 Bd4 25. a4 Be6 26. Rc1 Rac8 27. Bf3
Rfd8 28. Rc2 Bf5 29. Rd2 Be6 30. Rfd1 Bxf2+ 31. Rxf2 Rxd1+ 32. Bxd1 Qxc6 33.
Qe5+ Kg8 34. Bb3 Qd7 35. Qc3 Qc6 36. Rc2 Qe4 37. h3 Rd8 38. Rb2 Rd3 39. Qc2
Qe1+ 40. Kh2 Qg3+ 41. Kh1 Qe1+ 42. Kh2 Rc3 43. Qd1 Qxd1 44. Bxd1 Bxc4 45. Rd2
Kg7 46. Rd7 Rd3 47. Bg4 Rxd7 48. Bxd7 Kf6 49. g4 Ke7 50. Bc6 Kd6 51. Be8 a6 52.
Kg3 b5 53. axb5 axb5 54. Kf2 Ke5 55. Ke3 b4 56. h4 b3 57. Bc6 Be6 0-1

[Event "Pere Noel-A"]
[Site "Gatineau CAN"]
[Date "2017.01.17"]
[Round "4"]
[White "Bastien, Andre"]
[Black "Guimond, Michel"]
[Result "1-0"]
[WhiteElo "1828"]
[BlackElo "1880"]
[PlyCount "109"]
[EventDate "2016.12.06"]
[EventType "swiss"]
[EventRounds "5"]
[EventCountry "CAN"]

1. d4 g6 2. c4 Bg7 3. Nc3 d6 4. Nf3 Nd7 5. Bg5 c5 6. e3 Qa5 7. Qd2 Ngf6 8. Be2
cxd4 9. exd4 b6 10. O-O h6 11. Be3 Bb7 12. a3 Rc8 13. b4 Qh5 14. h3 g5 15. d5
g4 16. hxg4 Nxg4 17. Bf4 f5 18. Rac1 Nde5 19. Rfe1 Bf6 20. c5 Rg8 21. cxd6 Ba6
22. d7+ Kxd7 23. b5 Nxf3+ 24. Bxf3 Bb7 25. Qe2 Ke8 26. d6 Bxf3 27. Qxf3 Kf7 28.
dxe7 Kg7 29. Nd5 Rce8 30. Nxf6 Nxf6 31. Qxh5 Nxh5 32. Bc7 Kf7 33. Bd8 Nf4 34.
Rc7 Rxg2+ 35. Kh1 Rxf2 36. Rxa7 Nd3 37. Bxb6 Rb2 38. Re3 Rxb5 39. Bd8 Rd5 40.
Rf3 Rg8 41. Ra5 Nc5 42. Kh2 Rd2+ 43. Kh3 Rd1 44. Rxf5+ Ke6 45. Rf2 Nd3 46.
e8=Q+ Rxe8 47. Re2+ Kd7 48. Ra7+ Kxd8 49. Ra8+ Kc7 50. Rexe8 Ra1 51. Ra6 Kd7
52. Rh8 Nf4+ 53. Kg4 h5+ 54. Kxf4 Rf1+ 55. Kg3 1-0

[Event "Pere Noel-A"]
[Site "Gatineau CAN"]
[Date "2017.01.17"]
[Round "4"]
[White "Jobin, Gilles G"]
[Black "Scantland, Patrick"]
[Result "1-0"]
[WhiteElo "1832"]
[BlackElo "1721"]
[PlyCount "43"]
[EventDate "2016.12.06"]
[EventType "swiss"]
[EventRounds "5"]
[EventCountry "CAN"]

1. e4 b6 2. d4 Bb7 3. Nc3 e6 4. Nf3 Nf6 5. e5 Nd5 6. Nxd5 Bxd5 7. Bd3 Be7 8.
O-O f5 9. exf6 Bxf6 10. Ne5 Bxe5 11. Qh5+ Kf8 12. dxe5 Qe8 13. Qh4 Nc6 14. f4
Qe7 15. Qh3 Nb4 16. f5 Kg8 17. f6 Qc5+ 18. Be3 Qc6 19. fxg7 Nxd3 20. gxh8=Q+
Kxh8 21. Rf7 Be4 22. Qh6 1-0

[Event "Pere Noel-A"]
[Site "Gatineau CAN"]
[Date "2017.01.17"]
[Round "4"]
[White "Raymond, Daniel"]
[Black "Desjardins, Michel"]
[Result "1/2-1/2"]
[WhiteElo "1792"]
[BlackElo "1938"]
[PlyCount "62"]
[EventDate "2016.12.06"]
[EventType "swiss"]
[EventRounds "5"]
[EventCountry "CAN"]

1. e4 d5 2. exd5 Qxd5 3. Nc3 Qd6 4. d4 Nf6 5. Nf3 c6 6. Be2 Bf5 7. a4 h6 8. Ne5
e6 9. Bf4 Qb4 10. Ra3 Bxc2 11. Qxc2 Qxd4 12. Bg3 Bxa3 13. bxa3 O-O 14. O-O Qc5
15. Qb3 Nbd7 16. Nxd7 Nxd7 17. Rd1 Rfd8 18. Bc7 b6 19. Bxd8 Rxd8 20. Ne4 Qe5
21. Bf3 Kh7 22. Qc3 Qc7 23. Qc2 f5 24. Ng3 Ne5 25. Rxd8 Qxd8 26. Be2 Qd4 27.
Qd1 Qc5 28. Qb3 Qd6 29. Nf1 c5 30. Bc4 Nxc4 31. Qxc4 Qe5 1/2-1/2

[Event "Pere Noel-A"]
[Site "Gatineau CAN"]
[Date "2017.01.17"]
[Round "4"]
[White "Solunac, Sasha"]
[Black "Laferriere, Bruno"]
[Result "1/2-1/2"]
[WhiteElo "1901"]
[BlackElo "2016"]
[PlyCount "108"]
[EventDate "2016.12.06"]
[EventType "swiss"]
[EventRounds "5"]
[EventCountry "CAN"]

1. d4 Nf6 2. c4 e6 3. Nc3 Bb4 4. Qc2 c5 5. e3 Nc6 6. Nf3 O-O 7. a3 Bxc3+ 8.
Qxc3 b6 9. Bd3 Bb7 10. O-O Qe7 11. dxc5 bxc5 12. Rd1 h6 13. b3 e5 14. Bc2 e4
15. Nh4 Qe6 16. Bb2 Rfd8 17. Rd5 Qg4 18. Nf5 Nxd5 19. cxd5 Nd4 20. exd4 Qxf5
21. dxc5 f6 22. c6 dxc6 23. dxc6 Ba6 24. c7 Rd6 25. f3 Qd7 26. Bxe4 Rc8 27. Rc1
Rd1+ 28. Rxd1 Qxd1+ 29. Kf2 Qd6 30. Qa5 Rxc7 31. Bc3 Qc5+ 32. Qxc5 Rxc5 33. Bd4
Rc7 34. h4 Bb7 35. Bg6 Bd5 36. b4 a6 37. Ke3 Re7+ 38. Kd2 Bc4 39. Be4 Kf7 40.
h5 Ke6 41. g4 Kd7 42. Bc5 Re8 43. a4 Kc7 44. Kc3 Be6 45. Kd4 Bc8 46. a5 Bb7 47.
Bxb7 Kxb7 48. Kd3 Kc6 49. Kd4 Kb5 50. Kd3 Rc8 51. Kd4 Rc7 52. Kd5 Rd7+ 53. Ke4
Rc7 54. Kd5 Rd7+ 1/2-1/2

[Event "Pere Noel-A"]
[Site "Gatineau CAN"]
[Date "2017.01.24"]
[Round "5"]
[White "Danilov, Alex"]
[Black "Guimond, Michel"]
[Result "0-1"]
[WhiteElo "1750"]
[BlackElo "1880"]
[PlyCount "65"]
[EventDate "2016.12.06"]
[EventType "swiss"]
[EventRounds "5"]
[EventCountry "CAN"]

1. Nf3 g6 2. c4 Bg7 3. Nc3 d6 4. g3 e5 5. Bg2 Nc6 6. O-O Be6 7. d3 f6 8. d4
Bxc4 9. d5 Nce7 10. Qa4+ b5 11. Nxb5 Bxb5 12. Qxb5+ Kf8 13. e4 Nh6 14. Qe2 Nf7
15. Be3 f5 16. Bg5 Rg8 17. Bxe7+ Qxe7 18. Nh4 Bf6 19. f4 Bxh4 20. fxe5 Bg5 21.
e6 Ne5 22. exf5 Kg7 23. h4 Bf6 24. fxg6 hxg6 25. Rac1 Rh8 26. Rf4 g5 27. Rf5
Raf8 28. h5 Kh6 29. g4 Bg7 30. Qc2 Rxf5 31. gxf5 Rc8 32. Be4 Ng4 33. Rd1 0-1

[Event "Pere Noel-A"]
[Site "Gatineau CAN"]
[Date "2017.01.24"]
[Round "5"]
[White "Desjardins, Michel"]
[Black "Jobin, Gilles G"]
[Result "1-0"]
[WhiteElo "1938"]
[BlackElo "1832"]
[PlyCount "91"]
[EventDate "2016.12.06"]
[EventType "swiss"]
[EventRounds "5"]
[EventCountry "CAN"]

1. e4 d6 2. d4 Nf6 3. Nc3 c6 4. Nf3 Bg4 5. h3 Bh5 6. Be3 Qa5 7. Bd3 e5 8. O-O
Bxf3 9. Qxf3 Nbd7 10. d5 c5 11. a3 a6 12. Rfb1 Qc7 13. Be2 b5 14. Na2 Be7 15.
c4 bxc4 16. Bxc4 Nb6 17. Be2 O-O 18. b4 Nfd7 19. bxc5 dxc5 20. Nc3 Qd6 21. a4
Rfb8 22. a5 Nc8 23. Na4 Rxb1+ 24. Rxb1 Rb8 25. Rxb8 Qxb8 26. Bxa6 Na7 27. Qf5
Qc7 28. Bd2 Qd6 29. Bc4 Bd8 30. Qg4 Nf6 31. Qe2 Nd7 32. Qd3 Nc8 33. Qb3 Qc7 34.
Bd3 Nd6 35. Nb2 Qa7 36. Qa4 Be7 37. Nc4 Nxc4 38. Bxc4 Nf6 39. Bd3 Bd6 40. a6 h6
41. Qc6 c4 42. Be3 Qe7 43. a7 cxd3 44. a8=Q+ Kh7 45. Qab7 Qd8 46. Qbb6 1-0

[Event "Pere Noel-A"]
[Site "Gatineau CAN"]
[Date "2017.01.24"]
[Round "5"]
[White "Thibault, Mario"]
[Black "Solunac, Sasha"]
[Result "0-1"]
[WhiteElo "1765"]
[BlackElo "1901"]
[PlyCount "76"]
[EventDate "2016.12.06"]
[EventType "swiss"]
[EventRounds "5"]
[EventCountry "CAN"]

1. e4 e6 2. f4 d5 3. e5 c5 4. Nf3 Nc6 5. c3 d4 6. Bd3 Nge7 7. Na3 Nd5 8. g3 a6
9. Nc2 b5 10. Be4 Bb7 11. Qe2 Nde7 12. O-O Qb6 13. d3 O-O-O 14. cxd4 cxd4 15.
Bd2 Nd5 16. Rfc1 Kb8 17. a4 b4 18. a5 Nxa5 19. Rxa5 Qxa5 20. Na3 Ne3 21. Bxb7
Kxb7 22. Ng5 Qd5 23. Nxf7 bxa3 24. Nxd8+ Qxd8 25. bxa3 Bxa3 26. Rb1+ Ka7 27.
Bxe3 dxe3 28. Qxe3+ Ka8 29. Rb6 Qc8 30. Qe4+ Ka7 31. Rc6 Qb7 32. Qc4 Qb5 33.
Qd4+ Ka8 34. Qe4 Kb8 35. Rxe6 Rc8 36. Qe3 Rc1+ 37. Kf2 Bc5 38. d4 Qf1# 0-1

[Event "Pere Noel-B"]
[Site "Gatineau CAN"]
[Date "2016.12.06"]
[Round "1"]
[White "Berthiaume, Serge"]
[Black "Louis-Cadet, Jonathan"]
[Result "1-0"]
[WhiteElo "1445"]
[BlackElo "1169"]
[PlyCount "115"]
[EventDate "2016.12.06"]
[EventType "swiss"]
[EventRounds "5"]
[EventCountry "CAN"]

1. c4 e5 2. Nc3 f5 3. g3 Nf6 4. Bg2 Bc5 5. e3 Nc6 6. a3 b6 7. b4 Be7 8. b5 Bb7
9. bxc6 dxc6 10. Nge2 O-O 11. O-O Bd6 12. Qc2 Ng4 13. h3 Nh6 14. f4 e4 15. d3
exd3 16. Qxd3 Qe7 17. Nd4 Rad8 18. Nxc6 Bxc6 19. Bxc6 Kh8 20. Qc2 Qf6 21. Bb2
Bc5 22. Bg2 Bxe3+ 23. Kh1 Rd2 24. Qb3 Bd4 25. Rad1 Rxb2 26. Qxb2 Bxc3 27. Qe2
c5 28. Rd7 a5 29. Re7 Ng8 30. Re6 Qd8 31. Rb1 Nf6 32. Rbxb6 Bd4 33. Ra6 Kg8 34.
Ra8 Qc7 35. Rxf8+ Kxf8 36. Bd5 Qf7 37. Ra6 Ne4 38. Bxf7 Nxg3+ 39. Kg2 Nxe2 40.
Kf3 Bc3 41. Kxe2 Kxf7 42. Rc6 Bd4 43. Kd3 h6 44. Ra6 Bf2 45. Rxa5 Kg6 46. a4
Kh5 47. Rb5 Be1 48. a5 Bxa5 49. Rxa5 Kh4 50. Rxc5 g6 51. Re5 Kxh3 52. c5 Kg3
53. c6 Kxf4 54. Re6 Kg5 55. c7 h5 56. c8=Q h4 57. Qg8 Kf4 58. Qxg6 1-0

[Event "Pere Noel-B"]
[Site "Gatineau CAN"]
[Date "2016.12.06"]
[Round "1"]
[White "Legare, Gilles"]
[Black "Iyamuremye, Gervais"]
[Result "0-1"]
[WhiteElo "1029"]
[BlackElo "1441"]
[PlyCount "114"]
[EventDate "2016.12.06"]
[EventType "swiss"]
[EventRounds "5"]
[EventCountry "CAN"]

1. e4 e5 2. Nf3 Nc6 3. d3 d6 4. Nc3 Bg4 5. Be2 Nf6 6. Be3 Be7 7. Qd2 h6 8. h3
Bh5 9. Nh4 Bxe2 10. Qxe2 Nxe4 11. Nf5 Nxc3 12. Nxg7+ Kf8 13. Qg4 Bg5 14. bxc3
Bxe3 15. fxe3 Qg5 16. Qxg5 hxg5 17. Nf5 Ne7 18. e4 Nxf5 19. exf5 f6 20. O-O-O
Kf7 21. g4 Rh4 22. Rde1 Rah8 23. Kb2 Rxh3 24. Rxh3 Rxh3 25. Re4 Ke7 26. d4 d5
27. Re1 e4 28. Kb3 c6 29. a4 a5 30. Kb2 Kd6 31. Rg1 c5 32. Kb3 b6 33. Kb2 Kc6
34. Kb3 b5 35. Ka3 Rh2 36. axb5+ Kxb5 37. Kb2 cxd4 38. cxd4 Kc4 39. Ra1 Kxd4
40. Rxa5 Rg2 41. Ra4+ Ke5 42. Ra8 Rxg4 43. Rd8 d4 44. Kb3 e3 45. Kc4 Kxf5 46.
Kd3 Rf4 47. Rc8 Kg4 48. c4 dxc3 49. Rxc3 Rf3 50. Rc4+ Rf4 51. Rc2 Rf3 52. Rg2+
Rg3 53. Rh2 f5 54. Ke2 f4 55. Kd3 Rh3 56. Rg2+ Kf5 57. Ke2 f3+ 0-1

[Event "Pere Noel-B"]
[Site "Gatineau CAN"]
[Date "2016.12.06"]
[Round "1"]
[White "Raymond, Robert"]
[Black "Lecorre, Joel"]
[Result "1-0"]
[WhiteElo "1282"]
[BlackElo "1506"]
[PlyCount "105"]
[EventDate "2016.12.06"]
[EventType "swiss"]
[EventRounds "5"]
[EventCountry "CAN"]

1. e4 d5 2. exd5 Nf6 3. Nf3 Nxd5 4. d3 g6 5. g3 Bg7 6. Bg2 Nc6 7. c3 O-O 8. O-O
e5 9. Nbd2 Be6 10. Ne4 b6 11. d4 exd4 12. cxd4 Qd7 13. Bg5 h6 14. Be3 Rae8 15.
Nc3 Nxe3 16. fxe3 Bh3 17. Re1 Bxg2 18. Kxg2 Re7 19. Qd2 Rd8 20. Rad1 Nb4 21. e4
f5 22. e5 Nd5 23. a3 g5 24. Ne2 c5 25. Kf2 cxd4 26. Nexd4 Nc7 27. Qd3 Ne6 28.
Nxf5 Rf7 29. Nd6 Qc6 30. Qd5 Qxd5 31. Rxd5 Rff8 32. Kg2 Nc7 33. Rd3 Nb5 34.
Red1 Nc7 35. b3 g4 36. Nh4 Bxe5 37. Ng6 Rf6 38. Nxe5 Rdf8 39. Ndf7 R6xf7 40.
Nxf7 Rxf7 41. Rd7 Nb5 42. Rxf7 Kxf7 43. a4 Nc3 44. Rd7+ Ke6 45. Rxa7 Nd5 46.
Rh7 Ne3+ 47. Kf2 Nf5 48. Rb7 Kd5 49. Rxb6 Nd4 50. a5 Nc6 51. b4 h5 52. Rb7 Kc4
53. a6 1-0